LEADER 00975nam a2200253 i 4500 001 000000175748 003 CaOOAMICUS 005 20081117000000.0 008 081117s1972 it u000 u ita u 013 $a153231 040 $aSeMil$bita 100 1 $aLégaut, Marcel.$0(OLS)http://semarc/name/38774 245 12$aL'uomo alla ricerca della sua umanitŕ /$cMarcel Légaut. 260 $aAssisi :$bCittadella,$cstampa 1972. 300 $a265 p. ;$c20 cm. 490 0 $aOrizzonti nuovi 500 $aDono di don Romano Martinelli. 650 4$aVita spirituale.$0(OLS)http://semarc/subject/381 830 0$aOrizzonti nuovi.$0(OLS)http://semarc/title/6284 850 $aSeMil 852 $aSeMil$W1$xVenegono$y1$m3F IV 175$j126570$B126570$CSeMilBibl$Z2$F138016 $81 961 $aOmaggio: Martinelli don Romano 996 $6245$aL'uomo alla ricerca della sua umanitŕ$9(OLS)http://semarc/title/252087 996 $6260$aAssisi :$bCittadella$9(OLS)http://semarc/publisher/29661 LEADER 00860nam a2200229 i 4500 001 000000073829 003 CaOOAMICUS 005 20070411000000.0 008 070411s1976 it u000 u ita u 013 $a45001 040 $aSeMil$bita 100 1 $aZorzi, Irma.$0(OLS)http://semarc/name/36472 245 10$aArgento della solitudine /$cIrma Zorzi. 260 $a[Padova] :$bRebellato,$c1976. 300 $a62 p. ;$c20 cm. 490 0 $aQuaderni di poesia 650 4$aPoesia italiana - Sec. 20. - Testi.$0(OLS)http://semarc/subject/1280 830 0$aQuaderni di poesia.$0(OLS)http://semarc/title/9678 850 $aSeMil 852 $aSeMil$W1$xVenegono$y1$m1B I 21$j39981$B39981$CSeMilBibl$Z2$F39985 $81 996 $6245$aArgento della solitudine$9(OLS)http://semarc/title/119176 996 $6260$a[Padova] :$bRebellato$9(OLS)http://semarc/publisher/32175